Estructuras demográficas y sociales de Colombia
Tallennettuna:
| Päätekijä: | |
|---|---|
| Muut tekijät: | |
| Aineistotyyppi: | Kirja |
| Kieli: | espanja |
| Julkaistu: |
Friburgo
Oficina Internacional de Investigaciones Sociales de Feres
1961
|
| Sarja: | Estudios Socio-Religiosos Latino-Americanos, 14
|
| Aiheet: | |
| Tagit: |
Lisää tagi
Ei tageja, Lisää ensimmäinen tagi!
|
MARC
| LEADER | 00000nam a2200000 a 4500 | ||
|---|---|---|---|
| 001 | UCL4123 | ||
| 003 | CL-VaPUC | ||
| 008 | 031231e19610000SZ |||||||||||||||||spa|d | ||
| 082 | 0 | 4 | |a 304.6 |b LAN |2 21 |
| 100 | 0 | |a Lannoy, Juan Luis de |e author |9 481662 | |
| 700 | |a Pérez Ramírez, Gustavo |e autor |9 411134 | ||
| 245 | 1 | 0 | |a Estructuras demográficas y sociales de Colombia |
| 300 | |a 199 p | ||
| 942 | |c BK | ||
| 945 | |d 20031231 00:00:00 |a rbrito | ||
| 260 | |a Friburgo |b Oficina Internacional de Investigaciones Sociales de Feres |c 1961 | ||
| 650 | 0 | |a Demografía |9 260008 | |
| 650 | 0 | |a Población |9 257577 | |
| 650 | 7 | |a INVESTIGACION DEMOGRAFICA |2 CL-VaPUC |9 336843 | |
| 650 | 7 | |a DEMOGRAFIA GEOGRAFICA |2 CL-VaPUC |9 317247 | |
| 650 | 7 | |a MIGRACIONES POBLACIONALES |2 CL-VaPUC |9 357703 | |
| 651 | 0 | |a Colombia |9 256424 | |
| 583 | |a last modification |c 20031231 00:00:00 |k Rodrigo Vera | ||
| 490 | 0 | |a Estudios Socio-Religiosos Latino-Americanos, 14 | |
| 999 | |c 307066 |d 307064 | ||
| 952 | |0 0 |1 0 |4 0 |6 304_600000000000000_LAN_1961 |7 0 |8 A |9 372548 |a BIBTEO |b BIBTEO |d 2019-11-21 |i 2086433 |o 304.6 LAN 1961 |p 2086433 |r 2025-01-17 |w 2019-11-21 |y BK |k ICR | ||